000 00431nam a2200181Ia 4500
008 210210b2009 xxu||||| |||| 00| 0 eng d
020 _a9788125037545
041 _aeng
082 _a820.8 DANP
100 _aDANGLE (Arjun) Ed
245 _aPoisoned bread
260 _aHyderabad
_bBlack Swan
_c2009
300 _aliv,337
650 _aPoisoned
650 _abread
690 _aIndian English Collection
906 _a064213
999 _c140079
_d140079